|
|
|
|
| LEADER |
00886nam a22002532i 4500 |
| 001 |
001514773 |
| 003 |
CZ BrMZK |
| 005 |
20160308105014.0 |
| 007 |
ta |
| 008 |
160306s1938 gw er|||||||||||ger d |
| 040 |
|
|
|a OPE301
|b cze
|
| 100 |
1 |
|
|a Hitler, Adolf,
|d 1889-1945
|7 jn19990003541
|4 aut
|
| 245 |
1 |
0 |
|a Mein Kampf :
|b Erster Band.
|p Eine Abrechnung /
|c von Adolf Hitler
|
| 246 |
3 |
0 |
|a Eine Abrechnung
|
| 250 |
|
|
|a 3. Auflage
|
| 260 |
|
|
|a München :
|b Zentralverlag der NSDAP, Franz Eher Nachf,
|c 1938
|
| 300 |
|
|
|a 360 s.
|
| 336 |
|
|
|a text
|b txt
|2 rdacontent
|
| 337 |
|
|
|a bez média
|b n
|2 rdamedia
|
| 338 |
|
|
|a svazek
|b nc
|2 rdacarrier
|
| 653 |
0 |
|
|a Hitler, Adolf, 1889-1945 (něm. diktátor)
|a nacismus
|a nacistická ideologie
|a antisemitismus
|
| 910 |
|
|
|a BOA001
|b 2-0151.199,1
|
| 990 |
|
|
|a BK
|
| 996 |
6 |
|
|b 2619121828
|c 2-0151.199,1
|l MZK
|r Sklad / do 24 hodin
|n 0
|w 001550122
|u 000010
|a 1
|e BOA001
|j MZK50
|s P
|